[Event "CP-2019-Q-00001"]
[Site "LSS email"]
[Date "2019.11.27"]
[Round "?"]
[White "Belanoff, Stuart B"]
[Black "Pupo Perez, Hector"]
[Result "1/2-1/2"]
[WhiteElo "2248"]
[BlackElo "2256"]
[PlyCount "68"]
[EventDate "2019.12.01"]
[EventType "tourn (corr)"]
[EventRounds "6"]
[EventCountry "GER"]
[SourceTitle "Corr 2022"]
[Source "ChessBase"]
[SourceDate "2021.10.24"]
[SourceVersion "1"]
[SourceVersionDate "2021.10.24"]
[SourceQuality "1"]

1. d4 e6 2. c4 Nf6 3. g3 d5 4. Nf3 dxc4 5. Bg2 Bb4+ 6. Bd2 c5 7. Bxb4 cxb4 8. Ne5 0-0 9. a3 Nd5 10. Nxc4 b5 11. Ne3 Bb7 12. Nxd5 Bxd5 13. e4 Bb7 14. 0-0 bxa3 15. Nxa3 a6 16. Nc2 Nc6 17. Qd2 Qd6 18. Rfe1 Rfe8 19. Rad1 h6 20. d5 Ne5 21. b3 Rad8 22. h3 Nd7 23. Ne3 Nf6 24. Qd4 exd5 25. exd5 g6 26. Qc3 h5 27. Rd4 Re7 28. Qc2 Ne8 29. Kh2 Qf6 30. Rf4 Qd6 31. Qd2 Rc8 32. Rd1 Rd8 33. Rd4 Ng7 34. Rf4 Red7 1/2-1/2

[Event "WC-2019-S-00005"]
[Site "LSS email"]
[Date "2019.08.28"]
[Round "?"]
[White "Bordenave, Roberto"]
[Black "Belanoff, Stuart B"]
[Result "1/2-1/2"]
[WhiteElo "2167"]
[BlackElo "2241"]
[PlyCount "48"]
[EventDate "2019.09.01"]
[EventType "tourn (corr)"]
[EventRounds "12"]
[EventCountry "GER"]
[SourceTitle "Corr 2024"]
[Source "ChessBase"]
[SourceDate "2023.10.19"]
[SourceVersion "1"]
[SourceVersionDate "2023.10.19"]
[SourceQuality "1"]

1. d4 Nf6 2. c4 e6 3. Nc3 Bb4 4. e3 0-0 5. Bd3 d5 6. Nf3 c5 7. 0-0 cxd4 8. exd4 dxc4 9. Bxc4 b6 10. Bg5 Bb7 11. Rc1 Nc6 12. Bd3 h6 13. Bh4 Be7 14. Bb1 Rc8 15. Re1 Nh5 16. Bg3 Nxg3 17. hxg3 Bg5 18. Nxg5 Qxg5 19. d5 exd5 20. Nxd5 Rcd8 21. Rxc6 Rxd5 22. Qc2 g6 23. Rc7 Rc5 24. Rxc5 Qxc5 1/2-1/2

[Event "WC-2019-S-00005"]
[Site "LSS email"]
[Date "2019.08.28"]
[Round "?"]
[White "Castignani, Fausto"]
[Black "Belanoff, Stuart B"]
[Result "1/2-1/2"]
[WhiteElo "2170"]
[BlackElo "2241"]
[PlyCount "64"]
[EventDate "2019.09.01"]
[EventType "tourn (corr)"]
[EventRounds "12"]
[EventCountry "GER"]
[SourceTitle "Corr 2024"]
[Source "ChessBase"]
[SourceDate "2023.10.19"]
[SourceVersion "1"]
[SourceVersionDate "2023.10.19"]
[SourceQuality "1"]

1. e4 e5 2. Nf3 Nc6 3. d4 exd4 4. Nxd4 Nf6 5. Nxc6 bxc6 6. Bd3 d5 7. Qe2 dxe4 8. Nc3 Bb4 9. Bxe4 0-0 10. Bxc6 Rb8 11. 0-0 Qd6 12. Bb5 Bxc3 13. bxc3 Ng4 14. g3 Ne5 15. Bf4 Rxb5 16. Qxb5 Nf3+ 17. Kg2 Qe6 18. Kxf3 Bd7 19. Qe5 Qc6+ 20. Ke2 Re8 21. Qxe8+ Bxe8 22. Kd2 f6 23. Rfb1 Qd5+ 24. Kc1 Qh1+ 25. Kd2 Qxh2 26. Be3 Qh5 27. Rb8 Kf7 28. Rab1 Bc6 29. R1b4 Qa5 30. a3 a6 31. Rd4 Qf5 32. Rbb4 Bb5 1/2-1/2

[Event "CP-2018-Q-00003"]
[Site "LSS email"]
[Date "2018.11.28"]
[Round "?"]
[White "Tyutyunnik, Roman"]
[Black "Belanoff, Stuart B"]
[Result "1/2-1/2"]
[WhiteElo "2196"]
[BlackElo "2238"]
[PlyCount "55"]
[EventDate "2018.12.01"]
[EventType "tourn (corr)"]
[EventRounds "6"]
[EventCountry "GER"]
[SourceTitle "Corr 2022"]
[Source "ChessBase"]
[SourceDate "2021.10.24"]
[SourceVersion "1"]
[SourceVersionDate "2021.10.24"]
[SourceQuality "1"]

1. d4 Nf6 2. c4 e6 3. Nf3 Bb4+ 4. Bd2 Qe7 5. g3 Nc6 6. Nc3 Bxc3 7. Bxc3 Ne4 8. Rc1 0-0 9. Bg2 d6 10. d5 Nxc3 11. Rxc3 Nb8 12. dxe6 fxe6 13. 0-0 Nd7 14. Nd4 Nf6 15. Qd2 e5 16. Nc2 Be6 17. Ne3 c6 18. Rd3 Rad8 19. Rd1 d5 20. cxd5 e4 21. Rd4 cxd5 22. f3 Rde8 23. Qb4 Qc7 24. R4d2 b6 25. Rc2 Qb8 26. b3 Rc8 27. Rxc8 Qxc8 28. Qd2 1/2-1/2

[Event "CP-2017-P-00014"]
[Site "LSS email"]
[Date "2017.09.27"]
[Round "?"]
[White "Voudouris, Nick"]
[Black "Belanoff, Stuart B"]
[Result "0-1"]
[WhiteElo "1601"]
[BlackElo "2176"]
[PlyCount "86"]
[EventDate "2017.10.01"]
[EventType "tourn (corr)"]
[EventRounds "6"]
[EventCountry "GER"]
[SourceTitle "Corr 2022"]
[Source "ChessBase"]
[SourceDate "2021.10.24"]
[SourceVersion "1"]
[SourceVersionDate "2021.10.24"]
[SourceQuality "1"]

1. d4 Nf6 2. f4 d5 3. e3 Bf5 4. Bd3 e6 5. Nf3 Be7 6. 0-0 0-0 7. Ne5 c5 8. c3 Nc6 9. b3 a5 10. Nd2 Bxd3 11. Nxd3 a4 12. Rb1 axb3 13. axb3 Qb6 14. Bb2 Ra2 15. Ra1 Rxa1 16. Qxa1 Ne4 17. Nxe4 dxe4 18. Nc1 cxd4 19. exd4 e5 20. fxe5 Nxe5 21. Qa4 Bd6 22. Ne2 Ng4 23. h3 Ne3 24. Rf2 Nd1 25. Bc1 Nxf2 26. Kxf2 Bh2 27. Bg5 e3+ 28. Bxe3 Qf6+ 29. Ke1 Qe6 30. Bc1 Qe4 31. Kf2 Qf5+ 32. Ke1 h5 33. d5 Qxd5 34. Kf2 Qf5+ 35. Ke1 b5 36. Qa6 Qd5 37. Qb6 Re8 38. Be3 Qxg2 39. Qd4 Qxh3 40. Kd2 Qg2 41. Ke1 Bc7 42. Nf4 Qg3+ 43. Kd2 Rd8 0-1

[Event "WC-2017-S-00006"]
[Site "LSS email"]
[Date "2017.05.17"]
[Round "?"]
[White "Belanoff, Stuart B"]
[Black "Bendig, Frank"]
[Result "1-0"]
[WhiteElo "2231"]
[BlackElo "2190"]
[PlyCount "159"]
[EventDate "2017.06.01"]
[EventType "tourn (corr)"]
[EventRounds "12"]
[EventCountry "GER"]
[SourceTitle "Corr 2024"]
[Source "ChessBase"]
[SourceDate "2023.10.19"]
[SourceVersion "1"]
[SourceVersionDate "2023.10.19"]
[SourceQuality "1"]

1. d4 f5 2. g3 Nf6 3. Bg2 g6 4. c3 Bg7 5. Nd2 d5 6. Nh3 e6 7. Nf3 c5 8. dxc5 Na6 9. c4 0-0 10. cxd5 Nxd5 11. 0-0 Nxc5 12. Nf4 Ne4 13. Nxd5 exd5 14. Rb1 b6 15. Be3 Ba6 16. Re1 Rc8 17. Bd4 Bxd4 18. Nxd4 Qd7 19. e3 Rfe8 20. a4 Bc4 21. a5 bxa5 22. Ra1 Rc5 23. Ra3 Qd6 24. b3 Ba6 25. Qa1 Bb7 26. Rxa5 a6 27. Rxc5 Qxc5 28. Rc1 Qb6 29. Bf1 Rc8 30. Rxc8+ Bxc8 31. Qa4 Kf7 32. b4 Ng5 33. Qb3 Qd6 34. Bd3 Bd7 35. Qa3 Bc8 36. Qc3 Bd7 37. Kg2 Ne4 38. Qb2 Bc8 39. Nf3 Kg8 40. Qd4 Nf6 41. Ne5 Qe7 42. Be2 Qd6 43. Bf3 Kf8 44. Nd3 Kg8 45. Nf4 Bb7 46. h4 Kf8 47. h5 g5 48. Nd3 Bc8 49. h6 Ke7 50. Bd1 Qc7 51. Ne5 g4 52. Bb3 Ke6 53. Nd3 Ke7 54. Nf4 Be6 55. Bxd5 Bd7 56. Qb2 Qd6 57. Bb3 Bc6+ 58. Kg1 Bf3 59. Kh2 Ne8 60. Ne6 Kd7 61. Qc2 Be4 62. Nc5+ Kd8 63. Nxe4 fxe4 64. Qxe4 Qxh6+ 65. Kg2 Qg6 66. Qa8+ Ke7 67. Qb7+ Kf8 68. Bd5 h6 69. Bc6 Qd6 70. Qc8 Qe7 71. Qxe8+ Qxe8 72. Bxe8 Kxe8 73. f4 Kf8 74. e4 Ke7 75. Kf2 Kf6 76. Ke3 Ke6 77. e5 Kd5 78. Kd3 h5 79. Ke3 Ke6 80. Ke4 1-0

[Event "WC-2017-S-00006"]
[Site "LSS email"]
[Date "2017.05.17"]
[Round "?"]
[White "Dehaybe, Andre"]
[Black "Belanoff, Stuart B"]
[Result "1/2-1/2"]
[WhiteElo "2192"]
[BlackElo "2231"]
[PlyCount "78"]
[EventDate "2017.06.01"]
[EventType "tourn (corr)"]
[EventRounds "12"]
[EventCountry "GER"]
[SourceTitle "Corr 2024"]
[Source "ChessBase"]
[SourceDate "2023.10.19"]
[SourceVersion "1"]
[SourceVersionDate "2023.10.19"]
[SourceQuality "1"]

1. d4 d5 2. c4 Bf5 3. cxd5 Bxb1 4. Rxb1 Qxd5 5. Nf3 Nc6 6. e3 0-0-0 7. Qc2 e5 8. Bc4 Qa5+ 9. Bd2 Bb4 10. dxe5 Bxd2+ 11. Nxd2 Nh6 12. b4 Qxe5 13. 0-0 Qf5 14. Qc1 Rd6 15. Be2 Ne5 16. f3 Rc6 17. Qa3 Rc2 18. Qxa7 Nc6 19. Qa8+ Nb8 20. Rbd1 Qe6 21. Ne4 Qxa2 22. Qxa2 Rxa2 23. Bc4 Rb2 24. b5 Rd8 25. Ra1 Rc2 26. Bb3 Rb2 27. Rfb1 Rxb1+ 28. Rxb1 Nd7 29. Kf2 Re8 30. Rd1 Ng4+ 31. fxg4 Rxe4 32. Bxf7 Re7 33. Bd5 Ne5 34. Kg3 h6 35. h4 c6 36. bxc6 bxc6 37. Ba2 Kc7 38. h5 g5 39. hxg6 Nxg6 1/2-1/2

[Event "WC-2017-S-00006"]
[Site "LSS email"]
[Date "2017.05.17"]
[Round "?"]
[White "Mroczek, Jacek"]
[Black "Belanoff, Stuart B"]
[Result "1-0"]
[WhiteElo "2227"]
[BlackElo "2231"]
[PlyCount "73"]
[EventDate "2017.06.01"]
[EventType "tourn (corr)"]
[EventRounds "12"]
[EventCountry "GER"]
[SourceTitle "Corr 2024"]
[Source "ChessBase"]
[SourceDate "2023.10.19"]
[SourceVersion "1"]
[SourceVersionDate "2023.10.19"]
[SourceQuality "1"]

1. d4 d5 2. c4 Bf5 3. cxd5 Bxb1 4. Rxb1 Qxd5 5. e3 e5 6. dxe5 Bb4+ 7. Bd2 Bxd2+ 8. Qxd2 Qxd2+ 9. Kxd2 Nd7 10. f4 0-0-0 11. Kc2 f6 12. Nf3 fxe5 13. Ng5 Nh6 14. g3 Kb8 15. Bh3 exf4 16. gxf4 Nf6 17. e4 c6 18. Rbd1 Rde8 19. Rhe1 Re7 20. Rd6 Rhe8 21. Re6 Nf7 22. Rxe7 Rxe7 23. Nxf7 Rxf7 24. Be6 Rf8 25. f5 Kc7 26. h4 g6 27. e5 Nd7 28. f6 Re8 29. Bxd7 Kxd7 30. f7 Rh8 31. e6+ Ke7 32. a4 h6 33. Kc3 Rd8 34. Kc4 Rd6 35. a5 Rd8 36. Re2 Rf8 37. Kc5 1-0

[Event "CP-2017-S-00001"]
[Site "LSS email"]
[Date "2017.02.06"]
[Round "?"]
[White "Belanoff, Stuart B"]
[Black "Felicio, Clairton"]
[Result "1/2-1/2"]
[WhiteElo "2261"]
[BlackElo "2373"]
[PlyCount "73"]
[EventDate "2017.02.12"]
[EventType "tourn (corr)"]
[EventRounds "7"]
[EventCountry "GER"]
[SourceTitle "Corr 2022"]
[Source "ChessBase"]
[SourceDate "2021.10.24"]
[SourceVersion "1"]
[SourceVersionDate "2021.10.24"]
[SourceQuality "1"]

1. d4 Nf6 2. c4 e6 3. Nc3 Bb4 4. e3 c5 5. Bd3 Nc6 6. Nge2 cxd4 7. exd4 d5 8. cxd5 Nxd5 9. 0-0 0-0 10. Bc2 Re8 11. Qd3 g6 12. Rd1 Bf8 13. Qf3 Bg7 14. Ne4 h6 15. Bd2 Nce7 16. Bb3 b6 17. Rac1 Bb7 18. Qh3 h5 19. Ba4 Rf8 20. Bg5 Rc8 21. Qa3 Rxc1 22. Rxc1 Qb8 23. Bb3 Rc8 24. Rxc8+ Qxc8 25. h3 a6 26. Nd6 Qc6 27. Nxb7 Qxb7 28. Qd6 b5 29. g4 Bf6 30. Bxf6 Nxf6 31. Nc3 b4 32. Nd1 Ned5 33. gxh5 Nxh5 34. Bxd5 Qxd5 35. Qxd5 exd5 36. Kg2 Nf4+ 37. Kf3 1/2-1/2

[Event "CP-2017-S-00001"]
[Site "LSS email"]
[Date "2017.02.06"]
[Round "?"]
[White "Belanoff, Stuart B"]
[Black "Tsygankov, Evgeny Georgievich"]
[Result "1/2-1/2"]
[WhiteElo "2261"]
[BlackElo "2434"]
[PlyCount "55"]
[EventDate "2017.02.12"]
[EventType "tourn (corr)"]
[EventRounds "7"]
[EventCountry "GER"]
[SourceTitle "Corr 2022"]
[Source "ChessBase"]
[SourceDate "2021.10.24"]
[SourceVersion "1"]
[SourceVersionDate "2021.10.24"]
[SourceQuality "1"]

1. d4 Nf6 2. c4 g6 3. Nc3 Bg7 4. e4 0-0 5. Be3 d6 6. h3 e5 7. d5 Na6 8. Nf3 Nh5 9. a3 f5 10. b4 Kh8 11. c5 dxc5 12. Bxa6 cxb4 13. axb4 bxa6 14. 0-0 Nf4 15. Ra5 g5 16. Bc5 Re8 17. Nh2 Qf6 18. Qc2 fxe4 19. Ng4 Qg6 20. Rd1 Rd8 21. Ne3 Bb7 22. Qa4 h5 23. Be7 Re8 24. d6 Ne6 25. Nc4 e3 26. fxe3 g4 27. h4 Kg8 28. Nd5 1/2-1/2

[Event "CP-2017-S-00001"]
[Site "LSS email"]
[Date "2017.02.06"]
[Round "?"]
[White "Colibaba, Alexandr"]
[Black "Belanoff, Stuart B"]
[Result "1-0"]
[WhiteElo "2273"]
[BlackElo "2261"]
[PlyCount "65"]
[EventDate "2017.02.12"]
[EventType "tourn (corr)"]
[EventRounds "7"]
[EventCountry "GER"]
[SourceTitle "Corr 2022"]
[Source "ChessBase"]
[SourceDate "2021.10.24"]
[SourceVersion "1"]
[SourceVersionDate "2021.10.24"]
[SourceQuality "1"]

1. d4 Nf6 2. c4 c5 3. d5 b5 4. cxb5 a6 5. bxa6 g6 6. Nc3 Bxa6 7. e4 Bxf1 8. Kxf1 d6 9. g3 Bg7 10. Kg2 0-0 11. Nf3 Nbd7 12. a4 Qb6 13. Ra3 Rfc8 14. Qe2 Qb4 15. h4 Nh5 16. Nd2 c4 17. Na2 Qc5 18. Nf3 Nhf6 19. Be3 Qa5 20. Bd4 Nc5 21. Nd2 Nd3 22. b4 Nxb4 23. Bc3 Nfxd5 24. Bxg7 Kxg7 25. exd5 Qxd5+ 26. Nf3 Nd3 27. Nc3 Qc5 28. Raa1 Rcb8 29. Rhb1 h5 30. Ng5 Ne5 31. Qe4 Qa5 32. Nb5 Rb6 33. Re1 1-0

[Event "WC-2017-P-00015"]
[Site "LSS email"]
[Date "2017.01.23"]
[Round "?"]
[White "Belanoff, Stuart B"]
[Black "Van De Peut, Aart"]
[Result "1/2-1/2"]
[WhiteElo "2261"]
[BlackElo "1716"]
[PlyCount "55"]
[EventDate "2017.02.01"]
[EventType "tourn (corr)"]
[EventRounds "12"]
[EventCountry "GER"]
[SourceTitle "Corr 2022"]
[Source "ChessBase"]
[SourceDate "2021.10.24"]
[SourceVersion "1"]
[SourceVersionDate "2021.10.24"]
[SourceQuality "1"]

1. e4 e5 2. Nf3 Nc6 3. d4 exd4 4. Nxd4 Nf6 5. Nxc6 bxc6 6. e5 Qe7 7. Qe2 Nd5 8. c4 Nb6 9. Nc3 Bb7 10. Bd2 0-0-0 11. 0-0-0 Kb8 12. f4 f6 13. exf6 Qxf6 14. Qf2 Qf5 15. Be3 c5 16. Bd3 Qf7 17. Kb1 d6 18. Rhe1 g6 19. Ne4 Bh6 20. b3 Rhe8 21. Bc1 Qf8 22. g3 Bg7 23. Bb2 Re7 24. Rd2 Bxb2 25. Rxb2 Rde8 26. Rbe2 Qf5 27. Qf3 Nd7 28. g4 1/2-1/2

[Event "WC-2017-P-00015"]
[Site "LSS email"]
[Date "2017.01.23"]
[Round "?"]
[White "Schubert, Volker"]
[Black "Belanoff, Stuart B"]
[Result "1/2-1/2"]
[WhiteElo "2196"]
[BlackElo "2261"]
[PlyCount "100"]
[EventDate "2017.02.01"]
[EventType "tourn (corr)"]
[EventRounds "12"]
[EventCountry "GER"]
[SourceTitle "Corr 2022"]
[Source "ChessBase"]
[SourceDate "2021.10.24"]
[SourceVersion "1"]
[SourceVersionDate "2021.10.24"]
[SourceQuality "1"]

1. d4 Nf6 2. Bf4 e6 3. Nf3 c5 4. e3 Nc6 5. Nbd2 d5 6. c3 Be7 7. Ne5 0-0 8. Bd3 Nd7 9. Nxd7 Bxd7 10. h4 f6 11. Nf3 cxd4 12. exd4 Qe8 13. 0-0 Rc8 14. Re1 Qh5 15. Be2 Qf7 16. Bd3 Rfe8 17. a4 Bd8 18. Bg3 Qh5 19. Re2 Na5 20. Qc2 Bc7 21. Rae1 Nc4 22. Nd2 Bxg3 23. fxg3 Nd6 24. Qb3 Rcd8 25. Re3 Bc8 26. Qb4 g5 27. hxg5 Qxg5 28. Qa5 a6 29. b3 Qg4 30. Qc5 Kh8 31. c4 Qg5 32. cxd5 Qxd5 33. Qc7 Rd7 34. Qb6 Nf7 35. Re4 Ng5 36. Rf4 Red8 37. Nc4 Qc6 38. Rc1 Rc7 39. Rff1 Qxb6 40. Nxb6 Rxc1 41. Rxc1 Bd7 42. Rc7 Bc6 43. Bxa6 Bxa4 44. bxa4 bxa6 45. Rd7 Rg8 46. Ra7 Rd8 47. Nd7 Kg7 48. Kf2 Kg6 49. Ke3 Nf7 50. g4 a5 1/2-1/2

[Event "CP-2016-Q-00013"]
[Site "LSS email"]
[Date "2016.11.23"]
[Round "?"]
[White "Belanoff, Stuart B"]
[Black "Mostowik, Daniel"]
[Result "1/2-1/2"]
[WhiteElo "2272"]
[BlackElo "2167"]
[PlyCount "26"]
[EventDate "2016.12.01"]
[EventType "tourn (corr)"]
[EventRounds "6"]
[EventCountry "GER"]
[SourceTitle "Corr 2022"]
[Source "ChessBase"]
[SourceDate "2021.10.24"]
[SourceVersion "1"]
[SourceVersionDate "2021.10.24"]
[SourceQuality "1"]

1. e4 e5 2. Nf3 Nc6 3. Bc4 Nf6 4. d4 exd4 5. e5 d5 6. Bb5 Ne4 7. Nxd4 Bd7 8. Bxc6 bxc6 9. 0-0 Bc5 10. f3 Ng5 11. Be3 Ne6 12. f4 0-0 13. c3 Re8 1/2-1/2

[Event "CP-2016-P-00049"]
[Site "LSS email"]
[Date "2016.09.27"]
[Round "?"]
[White "Schwarte, Joachim"]
[Black "Belanoff, Stuart B"]
[Result "0-1"]
[WhiteElo "1989"]
[BlackElo "2271"]
[PlyCount "120"]
[EventDate "2016.10.01"]
[EventType "tourn (corr)"]
[EventRounds "6"]
[EventCountry "GER"]
[SourceTitle "Corr 2022"]
[Source "ChessBase"]
[SourceDate "2021.10.24"]
[SourceVersion "1"]
[SourceVersionDate "2021.10.24"]
[SourceQuality "1"]

1. e4 e5 2. Nf3 Nc6 3. Bb5 a6 4. Ba4 Nf6 5. 0-0 Be7 6. Re1 b5 7. Bb3 d6 8. c3 0-0 9. h3 Nb8 10. d4 Nbd7 11. Nbd2 Bb7 12. Bc2 Re8 13. a4 Bf8 14. b3 b4 15. cxb4 exd4 16. Nxd4 d5 17. exd5 Nxd5 18. b5 axb5 19. Nxb5 Qf6 20. Rb1 Nc5 21. Bb2 Qh6 22. Nd4 Nf4 23. N2f3 Ne4 24. Nf5 Nxh3+ 25. gxh3 Qxh3 26. Bxe4 Rxe4 27. Rxe4 Qxf5 28. Re3 Qg6+ 29. Kf1 Ba6+ 30. Ke1 Qg2 31. Qd4 Qf1+ 32. Kd2 Qxb1 33. Re1 Qa2 34. Kc1 Qxb3 35. Nd2 Qd3 36. Ne4 Qxd4 37. Bxd4 Bb7 38. Bc3 f6 39. a5 h5 40. f3 Rd8 41. Nd2 Rd5 42. Rh1 Ba6 43. Kb2 Kf7 44. Rh2 Bd6 45. Rh4 g6 46. Ne4 Be7 47. Nf2 Rg5 48. Kb3 Rg2 49. Be1 c5 50. Rc4 Bxc4+ 51. Kxc4 Bd6 52. a6 Bb8 53. Ne4 Ra2 54. Kb5 c4 55. Kb6 g5 56. Kb7 h4 57. Kxb8 Rxa6 58. Kb7 Re6 59. Bb4 Rxe4 60. fxe4 h3 0-1

[Event "BI-2016-F-0000"]
[Site "LSS email"]
[Date "2016.02.14"]
[Round "?"]
[White "Belanoff, Stuart B"]
[Black "Egorov, Vladimir Al"]
[Result "1-0"]
[WhiteElo "2301"]
[BlackElo "2251"]
[PlyCount "93"]
[EventDate "2016.02.20"]
[EventType "tourn (corr)"]
[EventRounds "10"]
[EventCountry "GER"]
[SourceTitle "Corr 2022"]
[Source "ChessBase"]
[SourceDate "2021.10.24"]
[SourceVersion "1"]
[SourceVersionDate "2021.10.24"]
[SourceQuality "1"]

1. Nf3 Nf6 2. g3 c5 3. Bg2 Nc6 4. c4 e5 5. d3 Be7 6. Nc3 d6 7. Rb1 0-0 8. 0-0 Bg4 9. h3 Bf5 10. a3 a5 11. b3 h6 12. Nd2 Qd7 13. Kh2 Rfe8 14. Nde4 Be6 15. e3 Bd8 16. f4 Bf5 17. Nxf6+ Bxf6 18. g4 Bh7 19. Nd5 Bd8 20. f5 Ne7 21. Nc3 Nc6 22. Bd2 Bg5 23. Nd5 Bd8 24. b4 axb4 25. axb4 cxb4 26. Nxb4 Bg5 27. Nd5 Ra2 28. Rf2 Ra6 29. Re2 Bh4 30. Be1 Bg5 31. h4 Bd8 32. Be4 Ra7 33. Reb2 Qc8 34. Qf3 Rf8 35. g5 hxg5 36. hxg5 Bxg5 37. f6 Bxe4 38. Qxe4 gxf6 39. Bh4 Kg7 40. Rg1 Rh8 41. Nxf6 Kxf6 42. Rxg5 Ke6 43. Qg4+ Ke7 44. Rxe5+ Kf8 45. Qxc8+ Kg7 46. Rg2+ Kh7 47. Rh5# 1-0

[Event "BI-2016-F-0000"]
[Site "LSS email"]
[Date "2016.02.14"]
[Round "?"]
[White "Mostowik, Daniel"]
[Black "Belanoff, Stuart B"]
[Result "1/2-1/2"]
[WhiteElo "2145"]
[BlackElo "2301"]
[PlyCount "64"]
[EventDate "2016.02.20"]
[EventType "tourn (corr)"]
[EventRounds "10"]
[EventCountry "GER"]
[SourceTitle "Corr 2022"]
[Source "ChessBase"]
[SourceDate "2021.10.24"]
[SourceVersion "1"]
[SourceVersionDate "2021.10.24"]
[SourceQuality "1"]

1. e4 g6 2. d4 Bg7 3. Nf3 d6 4. Nc3 a6 5. Be2 b5 6. 0-0 Bb7 7. e5 Nc6 8. a4 b4 9. Ne4 Nxe5 10. dxe5 Bxe4 11. Ng5 Bf5 12. Bf3 h6 13. Bc6+ Kf8 14. Nxf7 Kxf7 15. Qf3 Nf6 16. exf6 Bxf6 17. Bxa8 Qxa8 18. Qb3+ Kg7 19. Qxb4 Bxc2 20. Bd2 c5 21. Qg4 h5 22. Qh3 Qc8 23. Qe3 d5 24. Rac1 d4 25. Qf3 d3 26. Rce1 Qd7 27. Re3 Rf8 28. Re4 Bxa4 29. Qe3 Kf7 30. Qxc5 Rc8 31. Qa3 Bc6 32. Re3 Qd5 1/2-1/2

[Event "CP-2015-Q-00008"]
[Site "LSS email"]
[Date "2015.12.02"]
[Round "?"]
[White "Belanoff, Stuart B"]
[Black "Frijling, Jeroen"]
[Result "1-0"]
[WhiteElo "2276"]
[BlackElo "2223"]
[PlyCount "85"]
[EventDate "2015.12.08"]
[EventType "tourn (corr)"]
[EventRounds "6"]
[EventCountry "GER"]
[SourceTitle "Corr 2022"]
[Source "ChessBase"]
[SourceDate "2021.10.24"]
[SourceVersion "1"]
[SourceVersionDate "2021.10.24"]
[SourceQuality "1"]

1. Nf3 d5 2. d4 Nf6 3. c4 c6 4. Qc2 dxc4 5. Qxc4 Bg4 6. Nc3 Nbd7 7. e4 Bxf3 8. gxf3 e5 9. dxe5 Nxe5 10. Qe2 Bc5 11. Bd2 Qd4 12. Be3 Qb4 13. 0-0-0 0-0 14. a3 Qa5 15. f4 Neg4 16. e5 Nxe3 17. fxe3 Ne8 18. Kb1 Bxa3 19. Qc2 Bc5 20. Ne4 Be7 21. h4 Rd8 22. Bd3 Nc7 23. Ng5 g6 24. h5 Bxg5 25. hxg6 fxg6 26. Bxg6 Rxd1+ 27. Rxd1 h6 28. Bd3 Nd5 29. fxg5 h5 30. Be2 Kg7 31. Bxh5 Ne7 32. Qe4 Rf2 33. Rd7 Qe1+ 34. Bd1 Rd2 35. Rxd2 Qxd2 36. Qf3 Qe1 37. e6 Qg1 38. Qf7+ Kh8 39. Qf6+ Kg8 40. Kc2 Qh2+ 41. Kb3 Qc7 42. Qf7+ Kh8 43. Kc4 1-0